[Event "EU-Cup 35th"]
[Site "Ulcinj"]
[Date "2019.11.16"]
[Round "7.24"]
[White "Demirel, Yusuf Ziya"]
[Black "Meurs, Tom WA"]
[Result "0-1"]
[WhiteElo "1654"]
[BlackElo "2249"]
[PlyCount "66"]
[EventDate "2019.11.10"]
[EventType "team-swiss"]
[EventRounds "7"]
[EventCountry "MNE"]
[SourceTitle "EXT 2021"]
[Source "ChessBase"]
[SourceDate "2020.10.23"]
[SourceVersion "1"]
[SourceVersionDate "2020.10.23"]
[SourceQuality "1"]
[WhiteTeam "Tatvan Egitimi"]
[BlackTeam "Apeldoorn MuConsult"]
[WhiteTeamCountry "TUR"]
[BlackTeamCountry "NED"]

1. e4 e5 2. Bc4 Nf6 3. d3 c6 4. Nf3 d5 5. Bb3 a5 6. Nc3 Bg4 7. exd5 cxd5 8. h3 Bxf3 9. Qxf3 Bb4 10. a3 Bxc3+ 11. bxc3 a4 12. Ba2 0-0 13. 0-0 Qd6 14. Qg3 Ra6 15. Rb1 Nbd7 16. Rb4 Qc5 17. Bd2 Re6 18. c4 d4 19. Rxa4 Qc6 20. Ra5 b6 21. Rb5 Nc5 22. Rfb1 Nfd7 23. Re1 Rg6 24. Qh2 f5 25. Kh1 Kh8 26. f3 e4 27. dxe4 fxe4 28. fxe4 Nxe4 29. Bb4 Ndc5 30. Bxc5 Nxc5 31. Rbb1 Rgf6 32. Kg1 Ne4 33. Bb3 Nc3 0-1

[Event "TUR Cup"]
[Site "Antalya"]
[Date "2019.02.03"]
[Round "11"]
[White "Topbas, Ilter"]
[Black "Demirel, Yusuf Ziya"]
[Result "1-0"]
[WhiteElo "1196"]
[BlackElo "1711"]
[PlyCount "37"]
[EventDate "2019.01.27"]
[EventType "swiss"]
[EventRounds "11"]
[EventCountry "TUR"]
[SourceTitle "CBM 188 Extra"]
[Source "ChessBase"]
[SourceDate "2019.02.26"]
[SourceVersion "1"]
[SourceVersionDate "2019.02.26"]
[SourceQuality "1"]

1. e4 e5 2. Nf3 Nf6 3. Nxe5 d6 4. Nf3 Nxe4 5. d4 d5 6. Bd3 Be7 7. 0-0 0-0 8. Nbd2 Nxd2 9. Bxd2 Bg4 10. Re1 Nd7 11. Rc1 Re8 12. c4 dxc4 13. Bxc4 Bh5 14. Bf4 Nb6 15. Bxc7 Qd7 16. Bxb6 axb6 17. Qb3 Bxf3 18. Bxf7+ Kh8 19. Bxe8 1-0

[Event "Manavgat Turkey Cup"]
[Site "Manavgat"]
[Date "2015.02.05"]
[Round "8"]
[White "Demirel, Yusuf Ziya"]
[Black "Erdeveciler, Cem"]
[Result "1-0"]
[WhiteElo "1689"]
[BlackElo "1539"]
[PlyCount "121"]
[EventDate "2015.01.31"]
[EventType "swiss"]
[EventRounds "11"]
[EventCountry "TUR"]
[SourceTitle "CBM 164 Extra"]
[Source "ChessBase"]
[SourceDate "2015.03.02"]
[SourceVersion "1"]
[SourceVersionDate "2015.03.02"]
[SourceQuality "1"]

1. e4 g6 2. d4 b6 3. Nc3 e6 4. Nf3 Bg7 5. Bg5 Ne7 6. Bc4 Bb7 7. 0-0 0-0 8. Re1 d6 9. Qd2 Nd7 10. Rad1 a6 11. Bb3 Nf6 12. Bh6 Nh5 13. Bxg7 Kxg7 14. Qe3 Ng8 15. e5 Bxf3 16. Qxf3 Qg5 17. Ne4 Qf5 18. Qxf5 exf5 19. Ng5 dxe5 20. dxe5 h6 21. Nxf7 Rxf7 22. Bxf7 Kxf7 23. Rd7+ Ke6 24. Rxc7 Ne7 25. g3 Ng7 26. Rd1 Ne8 27. Rb7 b5 28. Rb6+ Kf7 29. Rd7 Kf8 30. Re6 Ng8 31. Rxg6 Rc8 32. e6 Nef6 33. Rf7+ Ke8 34. c3 Rc6 35. Rgxf6 Nxf6 36. Rxf6 Ke7 37. Rxf5 Rxe6 38. Kf1 Rc6 39. f4 b4 40. Re5+ Kf6 41. cxb4 Rc2 42. Re2 Rc4 43. a3 Kf5 44. Kg2 Kg4 45. h3+ Kf5 46. Re5+ Kf6 47. Rc5 Rd4 48. Rc6+ Kf5 49. Rc5+ Kf6 50. b5 Rd2+ 51. Kf3 Rxb2 52. bxa6 Rb3+ 53. Kg4 Rxa3 54. Rc6+ Kg7 55. f5 Ra5 56. Kf4 h5 57. Kg5 h4 58. g4 Kf7 59. Rc7+ Ke8 60. a7 Kd8 61. Rh7 1-0

[Event "Manavgat Turkey Cup"]
[Site "Manavgat"]
[Date "2015.02.03"]
[Round "5"]
[White "Acarbay, Algi"]
[Black "Demirel, Yusuf Ziya"]
[Result "1/2-1/2"]
[WhiteElo "1911"]
[BlackElo "1689"]
[PlyCount "107"]
[EventDate "2015.01.31"]
[EventType "swiss"]
[EventRounds "11"]
[EventCountry "TUR"]
[SourceTitle "CBM 164 Extra"]
[Source "ChessBase"]
[SourceDate "2015.03.02"]
[SourceVersion "1"]
[SourceVersionDate "2015.03.02"]
[SourceQuality "1"]

1. d4 d5 2. c4 e6 3. Nc3 Nf6 4. Bg5 Nbd7 5. e3 c6 6. Nf3 Qa5 7. cxd5 Nxd5 8. Qb3 Bb4 9. Rc1 N7b6 10. e4 Nxc3 11. bxc3 Bd6 12. e5 Ba3 13. Rb1 Bd7 14. Bd2 Qa4 15. Qxa4 Nxa4 16. Rxb7 Nb6 17. c4 c5 18. Be3 Bb4+ 19. Nd2 Bc8 20. Rc7 Nd7 21. Be2 Ba5 22. Bf3 Bxc7 23. Bxa8 cxd4 24. Bxd4 Nxe5 25. 0-0 Ke7 26. Bxa7 Rd8 27. Nb3 Ba6 28. Be4 f5 29. Bb1 Bxc4 30. Rc1 Bd6 31. f4 Ba3 32. Bc5+ Bxc5+ 33. Nxc5 Ng4 34. h3 Nf6 35. Rxc4 Rd1+ 36. Kh2 Rxb1 37. Rc2 Ne4 38. Nxe4 fxe4 39. Kg3 Kf6 40. Kf2 g5 41. fxg5+ Kxg5 42. Ke3 Kf5 43. Rc5+ Kf6 44. Kxe4 Rb2 45. Ra5 Rxg2 46. a4 Rg3 47. Ra8 Rxh3 48. a5 Ra3 49. a6 h5 50. a7 Ra4+ 51. Kf3 Ke5 52. Rh8 Rxa7 53. Rxh5+ Kd4 54. Rh8 1/2-1/2

[Event "Manavgat Turkey Cup"]
[Site "Manavgat"]
[Date "2015.02.03"]
[Round "6"]
[White "Demirel, Yusuf Ziya"]
[Black "Ozen, Batuhan"]
[Result "0-1"]
[WhiteElo "1689"]
[BlackElo "1744"]
[PlyCount "98"]
[EventDate "2015.01.31"]
[EventType "swiss"]
[EventRounds "11"]
[EventCountry "TUR"]
[SourceTitle "CBM 164 Extra"]
[Source "ChessBase"]
[SourceDate "2015.03.02"]
[SourceVersion "1"]
[SourceVersionDate "2015.03.02"]
[SourceQuality "1"]

1. e4 c5 2. d4 cxd4 3. c3 d3 4. c4 g6 5. Bxd3 Bg7 6. Nc3 Nc6 7. Nge2 Nf6 8. 0-0 0-0 9. Bg5 d6 10. Qd2 Bd7 11. Bh6 Rc8 12. Bxg7 Kxg7 13. b3 a5 14. Rad1 Ne5 15. Bb1 Bc6 16. f4 Ned7 17. Nd5 Bxd5 18. cxd5 Kg8 19. Nd4 Qb6 20. Kh1 Rc5 21. f5 Rd8 22. fxg6 hxg6 23. Qh6 Nf8 24. Rd3 Qa6 25. Rdf3 Rdc8 26. Bd3 Qb6 27. Rh3 N8h7 28. Bc4 Rxc4 29. Nf5 gxf5 30. Rg3+ Ng4 31. bxc4 Kh8 32. Qf4 Ngf6 33. Qxf5 Rg8 34. Rxg8+ Kxg8 35. g4 Qe3 36. Rf4 Qe1+ 37. Kg2 Qh4 38. Rf3 Ng5 39. Re3 Nxg4 40. Rb3 Qxh2+ 41. Kf1 Qh4 42. Kg2 Qh2+ 43. Kf1 Qh1+ 44. Ke2 Qg2+ 45. Kd1 Nxe4 46. Qf4 Ngf2+ 47. Kc1 Qf1+ 48. Kc2 Qxc4+ 49. Kb1 Nc3+ 0-1

[Event "Manavgat Turkey Cup"]
[Site "Manavgat"]
[Date "2015.02.01"]
[Round "3"]
[White "Tepe, Efe Can"]
[Black "Demirel, Yusuf Ziya"]
[Result "1-0"]
[WhiteElo "1964"]
[BlackElo "1689"]
[PlyCount "57"]
[EventDate "2015.01.31"]
[EventType "swiss"]
[EventRounds "11"]
[EventCountry "TUR"]
[SourceTitle "CBM 164 Extra"]
[Source "ChessBase"]
[SourceDate "2015.03.02"]
[SourceVersion "1"]
[SourceVersionDate "2015.03.02"]
[SourceQuality "1"]

1. e4 d5 2. exd5 Nf6 3. d4 Bg4 4. Be2 Bxe2 5. Nxe2 Qxd5 6. 0-0 Nc6 7. Nbc3 Qh5 8. Nf4 Qf5 9. d5 0-0-0 10. Qe2 Nb4 11. Be3 Kb8 12. Nb5 Nfxd5 13. Nxd5 Rxd5 14. Bxa7+ Ka8 15. a4 Qd7 16. Be3 e6 17. c4 Rd3 18. Bf4 Bd6 19. Bxd6 cxd6 20. Rfd1 Rxd1+ 21. Rxd1 d5 22. Qe3 Nc6 23. a5 d4 24. Qa3 Rd8 25. c5 e5 26. a6 bxa6 27. Qxa6+ Kb8 28. Nd6 Qa7 29. Qxc6 1-0